000 00362nam a2200121 i 4500
001 bg
245 0 _aZarządzanie przedsiębiorstwami uczestnikami rynku dóbr konsumpcyjnych.
_nT. 1,
_pZasady budowy i działania systemu zarządzania.
260 _aWarszawa,
_c1978.
040 _cBPK
041 _apol
942 _cKS
008 s pl f |000 0 pol
999 _c47177
_d47177
856 _uhttp://koha.tu.koszalin.pl/cgi-bin/koha/opac-detail.pl?biblionumber=47177
_yKatalog online BPK